<?xml version="1.0" encoding="UTF-8"?>
<record
    xmlns:xsi="http://www.w3.org/2001/XMLSchema-instance"
    xsi:schemaLocation="http://www.loc.gov/MARC21/slim http://www.loc.gov/standards/marcxml/schema/MARC21slim.xsd"
    xmlns="http://www.loc.gov/MARC21/slim">

  <leader>02476    a2200241   4500</leader>
  <controlfield tag="001">30173</controlfield>
  <controlfield tag="005">20260407155613.0</controlfield>
  <controlfield tag="008">260407a2005    arg                 spa d</controlfield>
  <controlfield tag="003">AR-UNSa-BCEJYS</controlfield>
  <datafield tag="040" ind1=" " ind2=" ">
    <subfield code="a">AR-UNSa-BCEJYS</subfield>
    <subfield code="b">spa</subfield>
    <subfield code="c">AR-UNSa-BCEJYS</subfield>
  </datafield>
  <datafield tag="080" ind1=" " ind2=" ">
    <subfield code="a">338.43</subfield>
    <subfield code="x">Agricultura como una rama de la econom&#xED;a. Econom&#xED;a de los productos alimenticios</subfield>
  </datafield>
  <datafield tag="245" ind1="1" ind2="0">
    <subfield code="a">Acerca de la globalizaci&#xF3;n en la agricultura</subfield>
    <subfield code="p">territorios, empresas y desarrollo local en Am&#xE9;rica Latina</subfield>
  </datafield>
  <datafield tag="020" ind1=" " ind2=" ">
    <subfield code="a">987-9355-21-0</subfield>
  </datafield>
  <datafield tag="264" ind1=" " ind2="1">
    <subfield code="a">Buenos Aires :</subfield>
    <subfield code="b">Ediciones CICCUS</subfield>
    <subfield code="c">2005</subfield>
  </datafield>
  <datafield tag="300" ind1=" " ind2=" ">
    <subfield code="a">282 p.</subfield>
    <subfield code="c">22 cm.</subfield>
  </datafield>
  <datafield tag="505" ind1=" " ind2=" ">
    <subfield code="a">1. Homogeneizaci&#xF3;n, conflictos e identidades / Josefa Salete Barboza Cavalcanti y Otros - 2. Algunas reflexiones sobre la econom&#xED;a pol&#xED;tica agraria de fines del siglo XX / Frederick H. Buttel - 3. La persistencia de la peque&#xF1;a producci&#xF3;n mercantil en un puebo rural de Argentina: factores favorables y factores limitantes / Miguel Murmis y Silvio Feldman - 4. La inserci&#xF3;n de las econom&#xED;as rurales en el proceso de globalizaci&#xF3;n.El caso de la provincia de &#xD1;ube en Chile / M. Julia Fawaz Yissi y Ana Mar&#xED;a Silva - 5. Entre las exigencias de los mercados y el control de los trabajadores / Josefa Salete Barbosa Cavalcanti y Otros - 6. Estado, desarrollo y organizaciones locales de productores en M&#xE9;xico / Humberto Gonz&#xE1;lez - 7. Cooperativismo, globalizac&#xE3;o e competitividade. Impacto regionais e locais / Maria Luiza Lins e Silva Pires - 8. Fruticultura e emprego: o caso do Plat&#xF4; de Ne&#xF3;polis, Brasil / Dalva Mar&#xED;a Mota - 9. Integraci&#xF3;n agroalimentaria. Trayectorias empresariales comparadas en la fruticultura argentina de exportaci&#xF3;n / M&#xF3;nica Isabel Bendini y Norma Graciela Steimbreger - 10. Estrategias empresarias y trasnacionalizaci&#xF3;n de la vitivinicultura en la Argentina / Guillermo Neiman y Adriana Ester Bocco - 11. Nuevos actores y din&#xE1;micas territoriales en el complejo oleaginoso del sur de la provincia de Buenos Aires / Silvia Gorenstein y Otros - 12. De la producci&#xF3;n extensiva a los feeddlots: cambios en la organizaci&#xF3;n productiva y comercial de los sistemas ganaderos en la Argentina / Carlos Iorio y Mirna Moscairo </subfield>
  </datafield>
  <datafield tag="041" ind1=" " ind2=" ">
    <subfield code="a">spa</subfield>
  </datafield>
  <datafield tag="942" ind1=" " ind2=" ">
    <subfield code="c">BK</subfield>
  </datafield>
  <datafield tag="590" ind1=" " ind2=" ">
    <subfield code="a">niveau_biblio:m niveau_hierar:0</subfield>
  </datafield>
  <datafield tag="100" ind1="1" ind2=" ">
    <subfield code="a">Cavalcanti, Josefa Salete Barbosa</subfield>
  </datafield>
  <datafield tag="700" ind1="1" ind2=" ">
    <subfield code="a">Neiman, Guillermo</subfield>
  </datafield>
  <datafield tag="856" ind1="4" ind2="1">
    <subfield code="u">https://biblioeco.unsa.edu.ar/pmb/images/libros/Acerca de la Globalizacion en la Agricultura-l116804.jpg</subfield>
    <subfield code="y">Imagen de portada</subfield>
    <subfield code="q">image/jpeg</subfield>
  </datafield>
  <datafield tag="999" ind1=" " ind2=" ">
    <subfield code="c">2041</subfield>
    <subfield code="d">2041</subfield>
  </datafield>
  <datafield tag="952" ind1=" " ind2=" ">
    <subfield code="0">0</subfield>
    <subfield code="1">0</subfield>
    <subfield code="4">0</subfield>
    <subfield code="7">0</subfield>
    <subfield code="a">BCEJYS</subfield>
    <subfield code="b">BCEJYS</subfield>
    <subfield code="c">16</subfield>
    <subfield code="d">2026-04-07</subfield>
    <subfield code="l">0</subfield>
    <subfield code="o">338.43 C376</subfield>
    <subfield code="p">L116804</subfield>
    <subfield code="r">2026-04-07 15:56:13</subfield>
    <subfield code="w">2026-04-07</subfield>
    <subfield code="y">L</subfield>
  </datafield>
  <datafield tag="952" ind1=" " ind2=" ">
    <subfield code="0">0</subfield>
    <subfield code="1">0</subfield>
    <subfield code="4">0</subfield>
    <subfield code="7">0</subfield>
    <subfield code="a">BCEJYS</subfield>
    <subfield code="b">BCEJYS</subfield>
    <subfield code="c">16</subfield>
    <subfield code="d">2026-04-07</subfield>
    <subfield code="l">0</subfield>
    <subfield code="o">338.43 C376</subfield>
    <subfield code="p">L116803</subfield>
    <subfield code="r">2026-04-07 15:56:13</subfield>
    <subfield code="w">2026-04-07</subfield>
    <subfield code="y">L</subfield>
  </datafield>
  <datafield tag="952" ind1=" " ind2=" ">
    <subfield code="0">0</subfield>
    <subfield code="1">0</subfield>
    <subfield code="4">0</subfield>
    <subfield code="7">0</subfield>
    <subfield code="a">BCEJYS</subfield>
    <subfield code="b">BCEJYS</subfield>
    <subfield code="c">16</subfield>
    <subfield code="d">2026-04-07</subfield>
    <subfield code="l">0</subfield>
    <subfield code="o">338.43 C376</subfield>
    <subfield code="p">L116802</subfield>
    <subfield code="r">2026-04-07 15:56:13</subfield>
    <subfield code="w">2026-04-07</subfield>
    <subfield code="y">L</subfield>
  </datafield>
</record>
